[Event "57th ch-RUS Qualifier"]
[Site "St Petersburg RUS"]
[Date "2004.05.30"]
[Round "9"]
[White "Ionov,S"]
[Black "Solovjov,S"]
[Result "1-0"]
[WhiteElo "2538"]
[BlackElo "2458"]

1.Nf3 Nf6 2.c4 g6 3.g3 Bg7 4.Bg2 O-O 5.O-O d6 6.d4 Nbd7 7.Nc3 e5 8.e4 a6
9.Re1 exd4 10.Nxd4 Re8 11.h3 Rb8 12.a4 a5 13.Be3 c6 14.Qc2 Qe7 15.f4 Nc5
16.Bf2 Nh5 17.Rad1 Qc7 18.Nde2 Ne6 19.Qd2 Bf8 20.g4 Nf6 21.Ng3 Nd7 22.Be3 Nec5
23.Qf2 Qb6 24.e5 dxe5 25.f5 Qb3 26.fxg6 hxg6 27.Rf1 f6 28.g5 Qxc4 29.gxf6 Qf7
30.Nce4 Ne6 31.h4 Bb4 32.h5 Kh8 33.hxg6 Qxg6 34.Nf5 Rf8 35.Rd3 Nxf6 36.Qh4+ Nh7
37.Ba7 Nf4 38.Rxf4 Bxf5 39.Rg3 Qe6 40.Ng5 Qe7 41.Bxb8 exf4 42.Qxf4 Rxb8 43.Qxb8+ Nf8
44.Qf4 Bg6 45.Ne4 Kg7 46.Rh3 Bc5+ 47.Nxc5 Qxc5+ 48.Kh2 Qe7 49.Qh6+ Kf7 50.Rf3+ Kg8
51.Rxf8+ Qxf8 52.Qxg6+ Kh8 53.Qh5+ Kg8 54.Qg5+ Kh8 55.Qe5+ Kg8 56.Qg5+ Kh8
57.Qh4+ Kg7 58.Qg4+ Kf6 59.Qd4+ Kg5 60.Kg3 Qb8+ 61.Kf2 Qh2 62.Qe3+ Kf6 63.Qe4 Qc7
64.Qd4+ Kg5 65.Ke2 Qh2 66.Qe3+ Kf6 67.Qe4 Qg1 68.Qf4+ Kg7 69.Qe5+ Kf7 70.Bh3 Qc1
71.Be6+ Kg6 72.Qf5+ Kh6 73.Qf6+ Kh5 74.Bf7+ Kg4 75.Qg6+ Kh4 76.Qe4+  1-0

[Event "TCh-BIH"]
[Site "Neum BIH"]
[Date "2004.06.02"]
[Round "5"]
[White "Kurajica,B"]
[Black "Gavric,M"]
[Result "1-0"]
[WhiteElo "2540"]
[BlackElo "2396"]

1.c4 Nf6 2.Nf3 g6 3.g3 Bg7 4.Bg2 O-O 5.O-O d6 6.d4 Nc6 7.Nc3 Bg4 8.Be3 Qc8
9.d5 Ne5 10.Nxe5 dxe5 11.Qb3 Bh3 12.Bg5 Bxg2 13.Kxg2 b6 14.e4 Re8 15.Qb5 Nh5
16.f3 h6 17.Be3 Nf6 18.Qc6 Rd8 19.c5 Rb8 20.Nb5 bxc5 21.Nxa7 Rxb2+ 22.Rf2 Qb8
23.Qxc5 Nd7 24.Qc1 Rxf2+ 25.Bxf2 Re8 26.Qc6 Nf6 27.Nb5 Rc8 28.a4 Ne8 29.a5 Nd6
30.Rb1 Qa8 31.a6  1-0

[Event "TCh-BIH"]
[Site "Neum BIH"]
[Date "2004.06.04"]
[Round "7"]
[White "Mihic,B"]
[Black "Predojevic,B"]
[Result "1/2-1/2"]
[WhiteElo "2346"]
[BlackElo "2490"]

1.Nf3 Nf6 2.c4 g6 3.g3 Bg7 4.Bg2 O-O 5.O-O d5 6.cxd5 Nxd5 7.Nc3 Nc6 8.Qb3 Nb6
9.d3 e5 10.Bg5 Nd4 11.Nxd4 Qxg5 12.Ndb5 Qd8 13.a4 c6 14.a5 cxb5 15.axb6 a6
16.Nd5 Be6 17.Rfc1 Bxd5 18.Qxd5 e4 19.Qxd8 Raxd8 20.Ra2 exd3 21.exd3 Rd6
22.Bxb7  1/2-1/2

[Event "CCA/ICC"]
[Site "Stratton Mt USA"]
[Date "2004.06.08"]
[Round "1"]
[White "Donaldson,J"]
[Black "Nilsson,Mar"]
[Result "1-0"]
[WhiteElo "2459"]
[BlackElo "2215"]

1.Nf3 Nf6 2.c4 g6 3.g3 Bg7 4.Bg2 O-O 5.Nc3 d6 6.d4 Nc6 7.O-O a6 8.Qd3 Bf5
9.e4 Bg4 10.d5 Bxf3 11.Qxf3 Nd4 12.Qd1 Nd7 13.Be3 c5 14.dxc6 Nxc6 15.Rc1 Rb8
16.b3 Qa5 17.Qd2 Rfe8 18.f4 Nc5 19.Rfd1 Ne6 20.Nd5 Qxd2 21.Rxd2 Bd4 22.Bxd4 Nexd4
23.c5 dxc5 24.Rxc5 Kg7 25.e5 Red8 26.Rb2 Ne6 27.Rc3 Rd7 28.Ne3 Ncd4 29.Kf2 Nb5
30.Rcc2 Na3 31.Rd2 Rbd8 32.Ke1 Nc5 33.Rxd7 Rxd7 34.Rd2 Nd3+ 35.Ke2 Nc1+ 36.Kd1 Nd3
37.Nd5 Nc5 38.Nb6 Rxd2+ 39.Kxd2 Nb1+ 40.Kc2 Na3+ 41.Kc3 Nb5+ 42.Kc4 Ne6 43.Bxb7 Nbd4
44.Bxa6 Nf3 45.Bc8 Nc7 46.a4 Nxh2 47.a5  1-0

[Event "XVIII Open"]
[Site "Pula CRO"]
[Date "2004.06.23"]
[Round "6"]
[White "Cvitan,O"]
[Black "Sedlak,N"]
[Result "1/2-1/2"]
[WhiteElo "2524"]
[BlackElo "2519"]

1.Nf3 Nf6 2.c4 g6 3.g3 Bg7 4.Bg2 O-O 5.d4 d6 6.O-O c6 7.Nc3 Qb6 8.e3 Bf5
9.b3 Na6 10.Qe2 Rfe8 11.e4 Bg4 12.Be3 Qa5 13.Qd2 e5 14.d5 Bd7 15.h3 Nc5 16.Rfb1 Qc7
17.Ne1 a5 18.Rc1 cxd5 19.Nxd5 Nxd5 20.cxd5 b6 21.Rab1 Qd8 22.b4 axb4 23.Rxb4 f5
24.exf5 Bxf5 25.g4 Bd7 26.Rcb1 b5 27.Bf1 Qa5 28.Bxb5 Bxb5 29.Rxb5 Qxd2 30.Bxd2 Rxa2
31.Be3 Ne4  1/2-1/2

[Event "TCh-GRE"]
[Site "Aghia Pelagia GRE"]
[Date "2004.07.06"]
[Round "3"]
[White "Mastrokoukos,G"]
[Black "Grivas,E"]
[Result "1-0"]
[WhiteElo "2333"]
[BlackElo "2520"]

1.Nf3 Nf6 2.c4 g6 3.g3 Bg7 4.Bg2 O-O 5.O-O d6 6.d4 Nc6 7.Nc3 Bf5 8.d5 Na5
9.Nd4 Bd7 10.b3 c5 11.dxc6 bxc6 12.Bb2 Rb8 13.Qd2 c5 14.Ndb5 a6 15.Na3 Qb6
16.Rad1 Rfd8 17.Ba1 Bc6 18.e4 e6 19.Nc2 Ba8 20.Ne3 Nc6 21.Ncd5 Nxd5 22.cxd5 Nd4
23.Nc4 Qc7 24.Rde1 Re8 25.Kh1 f5 26.exf5 exd5 27.Ne3 Qf7 28.fxg6 hxg6 29.f4 Re4
30.f5 Rbe8 31.f6 Bxf6 32.Bxe4 dxe4 33.Rf4 Qe6 34.Ref1 Bg7 35.Rf7 Be5 36.Ra7 Nf3
37.Qc1 Nd4 38.Rff7 Bc6 39.Ng2 e3 40.Qxe3 Qh3 41.Qf2 Nf5 42.Rh7 Qxg2+ 43.Qxg2 Bxg2+
44.Kxg2 Bxa1 45.Rhb7 Bf6 46.Rxa6 Be7 47.Rc6 Kf7 48.g4 Nh6 49.Rxd6 Nxg4 50.Rc6 Ra8
51.a4 Ra5 52.Rcc7 Ne3+ 53.Kf3 Nf5 54.Kf2 Ke6 55.Ra7 Rxa7 56.Rxa7 Kd5 57.Ra6 Bd6
58.h3 g5 59.Rb6 Bg3+ 60.Kf3 Bc7 61.Rf6 Nd4+ 62.Kf2 Nxb3 63.Rf5+ Kd4 64.Rxg5 c4
65.Rb5 Nc5 66.h4 c3 67.Ke2 Kc4 68.h5 Nxa4 69.Rf5 Bb6 70.h6 Bd4 71.Rf4  1-0

[Event "TCh-GRE"]
[Site "Aghia Pelagia GRE"]
[Date "2004.07.07"]
[Round "5"]
[White "Izoria,Z"]
[Black "Moutousis,K"]
[Result "1-0"]
[WhiteElo "2593"]
[BlackElo "2448"]

1.Nf3 Nf6 2.c4 g6 3.g3 Bg7 4.Bg2 O-O 5.O-O d5 6.cxd5 Nxd5 7.d4 Nb6 8.Nc3 Nc6
9.d5 Na5 10.Qc2 c6 11.dxc6 Nxc6 12.Rd1 Bf5 13.e4 Bd7 14.Be3 Rc8 15.Qe2 Qe8
16.Nd5 Na4 17.b3 Nc3 18.Nxc3 Bxc3 19.Rac1 Bg7 20.h3 h6 21.Kh2 Kh7 22.e5 Be6
23.Qb5 Rb8 24.Qe2 Rd8 25.Nd4 Nxd4 26.Bxd4 Bd5 27.Bxd5 Rxd5 28.Bxa7 Rxe5 29.Be3 b5
30.b4 Re4 31.a3 Qa8 32.Qxb5 Qxa3 33.Bc5 h5 34.Qd3 Qxd3 35.Rxd3 Rb8 36.Rb1 h4
37.Re3 hxg3+ 38.Kxg3 Be5+ 39.Kf3 Rf4+ 40.Kg2 Bd6 41.Bxd6 exd6 42.b5 Rb6 43.Rf3 Rxf3
44.Kxf3 Kh6 45.Ke4 Kh5 46.Rb3  1-0

[Event "FSGM July"]
[Site "Budapest HUN"]
[Date "2004.07.07"]
[Round "5"]
[White "McDonald,N"]
[Black "Khmelniker,I"]
[Result "1-0"]
[WhiteElo "2380"]
[BlackElo "2458"]

1.c4 Nf6 2.Nf3 g6 3.g3 Bg7 4.Bg2 O-O 5.O-O c6 6.Qc2 d5 7.b3 a5 8.Bb2 Na6
9.d3 Bf5 10.a3 Rc8 11.Nc3 d4 12.Nd1 Ne8 13.Nh4 Bd7 14.e3 e5 15.exd4 exd4
16.Rb1 g5 17.Nf3 Bf5 18.Bc1 h6 19.Bd2 Nd6 20.Nb2 Nc5 21.b4 axb4 22.axb4 Nd7
23.Rfe1 Qf6 24.h3 Rcd8 25.b5 cxb5 26.Bb4 Rc8 27.Nd2 bxc4 28.Nbxc4 Nc5 29.Bxc5 Rxc5
30.Rb6 Qd8 31.Reb1 Qc7 32.Qb3 Nxc4 33.Nxc4 Bc8 34.Qd1 Re5 35.Nxe5 Qxe5 36.Kh2 Re8
37.Bxb7 Qf5 38.Kg1 Qxh3 39.Bxc8 Rxc8 40.Rb8 Be5 41.Rxc8+ Qxc8 42.Qf3 Kg7
43.Qd5 Bf6 44.Rb7 Qe8 45.g4 Qe1+ 46.Kg2 Qe8 47.Kf1 Kg8 48.Kg2 Kg7 49.Kf3 Kg8
50.Rc7 Kg7 51.Ra7 Qf8 52.Qd7 Kg6 53.Ra6 Kg7 54.Qd6 Qxd6 55.Rxd6 Be5 56.Ra6 Bh2
57.Ke4 Bg1 58.Kxd4 Bxf2+ 59.Ke5 f6+ 60.Kf5 Bd4 61.Rd6 Ba1 62.Rd7+ Kf8 63.Ke6 h5
64.gxh5 g4 65.h6 Kg8 66.Rg7+  1-0

[Event "ch-NOR"]
[Site "Molde NOR"]
[Date "2004.07.07"]
[Round "6"]
[White "Leer Salvesen,B"]
[Black "Lie,Es"]
[Result "1-0"]
[WhiteElo "2341"]
[BlackElo "2266"]

1.c4 Nf6 2.Nf3 g6 3.g3 Bg7 4.Bg2 O-O 5.O-O d6 6.Nc3 e5 7.d3 c6 8.Rb1 Re8
9.e4 a5 10.a3 Na6 11.Re1 h6 12.b4 axb4 13.axb4 Nc7 14.Bb2 Bg4 15.h3 Bxf3
16.Bxf3 Ne6 17.Bg2 b5 18.cxb5 cxb5 19.Ne2 Nd7 20.d4 Nb6 21.d5 Nc7 22.Nc3 Qd7
23.Bf1 Reb8 24.Qd3 Na4 25.Bc1 f5 26.f3 Nxc3 27.Qxc3 f4 28.g4 Ra4 29.Bd2 Ne8
30.Rec1 Qa7+ 31.Kg2 Bf6 32.Be1 Ra3 33.Bf2 Rxc3 34.Bxa7 Rxc1 35.Rxc1 Rb7 36.Bf2 Kf7
37.Ra1 Bd8 38.Ra6 Ke7 39.Bd3 Kd7 40.Ra7 Kc8 41.Rxb7 Kxb7 42.Bxb5 Nc7 43.Bd7 Ka6
44.Kf1 Nb5 45.Bc8+  1-0

[Event "Open"]
[Site "Olomouc CZE"]
[Date "2004.07.08"]
[Round "4"]
[White "Harika,D"]
[Black "Hennink,W"]
[Result "1-0"]
[WhiteElo "2355"]
[BlackElo "2178"]

1.Nf3 Nf6 2.c4 g6 3.g3 Bg7 4.Bg2 O-O 5.O-O d6 6.d4 Nc6 7.d5 Nb8 8.Nd4 e5
9.dxe6 fxe6 10.Nc3 e5 11.Nc2 a5 12.Ne3 Na6 13.Ned5 c6 14.Nxf6+ Qxf6 15.Ne4 Qe6
16.Be3 Qxc4 17.Nxd6 Qe6 18.Ne4 Qe7 19.Qd2 Be6 20.Qxa5 Nc7 21.Qc5 Qxc5 22.Bxc5 Rfd8
23.Bb6 Rac8 24.Nc5 Bd5 25.Bh3 Nb5 26.Bxd8 Rxd8 27.e3 Kf7 28.Rfd1 b6 29.Ne6 Ra8
30.a4 Nd6 31.Nc7 Rd8 32.Nxd5  1-0

[Event "Open A"]
[Site "Klatovy CZE"]
[Date "2004.07.09"]
[Round "7"]
[White "Beran,B"]
[Black "Kucera,T"]
[Result "1/2-1/2"]
[WhiteElo "2158"]
[BlackElo "2058"]

1.c4 g6 2.g3 Nf6 3.Bg2 Bg7 4.Nf3 O-O 5.O-O d6 6.Nc3 Nc6 7.d4 e5 8.d5 Ne7
9.e4 Nh5 10.Bg5 h6 11.Bd2 f5 12.Nh4 Nf6 13.exf5 gxf5 14.Nf3 a6 15.a4 Qe8
16.Ne1 Ng6 17.Nd3 Nd7 18.Qc1 Kh7 19.Qc2 e4 20.Nf4 Nde5 21.Nce2 Rb8 22.Nxg6 Qxg6
23.Nf4 Qf7 24.Bc3 Ng4 25.Bxg7 Qxg7 26.Rfe1 Bd7 27.Rad1 Rbe8 28.h3 Nf6 29.Kh2 Rg8
30.Re3 b6 31.b4 Rb8 32.Ra3 a5 33.bxa5 bxa5 34.Rb1 Qh8 35.Ra2 Rxb1 36.Qxb1 Rb8
37.Qc1 Rb4 38.c5 Qb8 39.c6 Bc8 40.Qc3 Ne8 41.g4 Rb3 42.Qc2 Nf6 43.gxf5 Bxf5
44.f3 Qb4 45.Ne2 Nxd5 46.Nd4 Rc3 47.Qf2 e3 48.Qh4 Bb1 49.Ra1 Rd3 50.Qe4+ Kg7
51.Qg4+ Kf7 52.Qe6+ Kf8 53.Qxh6+ Kf7 54.Qe6+ Kf8 55.Qh6+ Kf7 56.Qe6+ Kf8
57.Qh6+ Kf7  1/2-1/2

[Event "Valoz Cup"]
[Site "Olomouc CZE"]
[Date "2004.07.09"]
[Round "8"]
[White "Tibensky,R"]
[Black "Blazkova,P"]
[Result "1/2-1/2"]
[WhiteElo "2425"]
[BlackElo "2226"]

1.Nf3 Nf6 2.c4 g6 3.g3 Bg7 4.Bg2 O-O 5.d4 d6 6.O-O Nc6 7.Nc3 e5 8.h3 exd4
9.Nxd4 Nxd4 10.Qxd4 Nd7 11.Qd2 a5 12.b3 a4 13.Rb1 axb3 14.axb3 Re8 15.Bb2 Nc5
16.Qc2 Bf5 17.e4 Bd7 18.Ra1 Rxa1 19.Bxa1 f5 20.Kh2 Nxe4 21.Nxe4 fxe4 22.Bxg7 Kxg7
23.Bxe4 Qf6 24.Bg2  1/2-1/2

[Event "Open A"]
[Site "Klatovy CZE"]
[Date "2004.07.11"]
[Round "9"]
[White "Sykora,P"]
[Black "Dolezal,R1"]
[Result "0-1"]
[WhiteElo "2069"]
[BlackElo "2420"]

1.c4 Nf6 2.g3 g6 3.Bg2 Bg7 4.Nf3 O-O 5.O-O d6 6.Nc3 c6 7.d3 a6 8.a4 a5 9.Nd4 Nh5
10.Nc2 f5 11.Bg5 h6 12.Bd2 e5 13.b4 axb4 14.Nxb4 g5 15.e3 g4 16.Ra3 f4 17.exf4 exf4
18.gxf4 Nxf4 19.Bxf4 Rxf4 20.Ne2 Rf7 21.d4 Nd7 22.Nxc6 bxc6 23.Bxc6 Ra5 24.Bd5 Rxd5
25.cxd5 Ba6 26.Re3 Nf8 27.f4 Re7 28.Rxe7 Qxe7 29.Re1 Qe3+ 30.Kg2 Bc4 31.Ng3 Bxd5+  0-1

[Event "Glassy Stream Open"]
[Site "Kharkov UKR"]
[Date "2004.07.12"]
[Round "5"]
[White "Nester,I"]
[Black "Kostiukova,L"]
[Result "1-0"]
[WhiteElo "2305"]
[BlackElo "2165"]

1.Nf3 Nf6 2.c4 g6 3.g3 Bg7 4.Bg2 O-O 5.O-O d6 6.d4 Nc6 7.Nc3 a6 8.h3 Rb8
9.Qc2 Bd7 10.e4 e5 11.dxe5 dxe5 12.Nd5 Nxd5 13.cxd5 Nd4 14.Nxd4 exd4 15.Bf4 Rc8
16.Qd2 c5 17.e5 b5 18.b4 c4 19.Qxd4 f6 20.Rae1 Bf5 21.e6 Re8 22.d6 g5 23.Qd5 Kh8
24.Qxf5  1-0

[Event "Open"]
[Site "Olomouc CZE"]
[Date "2004.07.12"]
[Round "9"]
[White "Zaitsev,Va"]
[Black "Madjidov,J"]
[Result "1/2-1/2"]
[WhiteElo "2378"]
[BlackElo "2175"]

1.Nf3 Nf6 2.g3 g6 3.Bg2 Bg7 4.c4 O-O 5.O-O d6 6.d4 Nbd7 7.Nc3 e5 8.e4 exd4
9.Nxd4 Nc5 10.h3 Re8  1/2-1/2

[Event "Open"]
[Site "Balatonlelle HUN"]
[Date "2004.07.19"]
[Round "1"]
[White "Medvegy,Z"]
[Black "Szell,L"]
[Result "0-1"]
[WhiteElo "2456"]
[BlackElo "2203"]

1.c4 Nf6 2.g3 g6 3.Bg2 Bg7 4.Nf3 O-O 5.O-O c5 6.Nc3 Nc6 7.d3 d6 8.Rb1 Bd7
9.a3 Qc8 10.b4 b6 11.Bg5 Re8 12.Qc1 Bh3 13.Re1 Bxg2 14.Kxg2 Qd7 15.e4 Ng4
16.h3 Nge5 17.Nxe5 Bxe5 18.Nd5 Bg7 19.Qd2 f6 20.Be3 e6 21.b5 Ne7 22.Nxe7+ Rxe7
23.d4 cxd4 24.Bxd4 Rc8 25.Qd3 f5 26.Bxg7 Rxg7 27.Rbd1 Rd8 28.Qf3 Qb7 29.Rd4 Rf7
30.e5 Qxf3+ 31.Kxf3 Rfd7 32.Red1 Kf7 33.Kf4 d5 34.Ke3 Rc7 35.cxd5 Rxd5 36.Rxd5 exd5
37.Rxd5 Ke6 38.Kd4 Rc2 39.Rd6+ Ke7 40.Rc6 Rxf2 41.Rc7+ Ke6 42.Rxa7 Rd2+ 43.Kc4 Kxe5
44.Re7+ Kd6 45.Rxh7 Rc2+ 46.Kd4 Rb2 47.Rg7 Rxb5 48.Rxg6+ Ke7 49.Ke3 Kf7 50.Rd6 Rb1
51.h4 b5  0-1

[Event "IM"]
[Site "Balatonlelle HUN"]
[Date "2004.07.20"]
[Round "2"]
[White "Banusz,T"]
[Black "Schaufelberger,H"]
[Result "1-0"]
[WhiteElo "2389"]
[BlackElo "2282"]

1.Nf3 Nf6 2.c4 g6 3.g3 Bg7 4.Bg2 O-O 5.O-O d6 6.d4 Nbd7 7.Nc3 e5 8.h3 a6
9.e4 exd4 10.Nxd4 Rb8 11.Be3 Ne5 12.b3 Re8 13.f4 Nc6 14.Nxc6 bxc6 15.Bf2 Nd7
16.Rc1 c5 17.Qd3 h5 18.Rfe1 Nf8 19.Rcd1 Bb7 20.Nd5 Nd7 21.Kh2 a5 22.Nc3 Nb6
23.a4 Qf6 24.Nb5 Re7 25.e5 dxe5 26.Bxb7 Rxb7 27.Qd8+ Kh7 28.Bxc5 Re6 29.Qxf6 Bxf6
30.fxe5 Rxe5 31.Bd4 Rxe1 32.Rxe1 Bxd4 33.Nxd4 Nc8 34.Re5  1-0

[Event "Politiken Cup"]
[Site "Copenhagen DEN"]
[Date "2004.07.26"]
[Round "4"]
[White "Jorgensen,G"]
[Black "Hvenekilde,J"]
[Result "1/2-1/2"]
[WhiteElo "2087"]
[BlackElo "2239"]

1.c4 Nf6 2.g3 g6 3.Bg2 Bg7 4.Nf3 O-O 5.O-O d6 6.Nc3 Nc6 7.d4 Bf5 8.Re1 Ne4
9.Nh4 Nxc3 10.bxc3 Bd7 11.e4 Na5 12.Qd3 c5 13.Be3 Rc8 14.Rac1 b6 15.d5 Rb8
16.Rb1 Bc8 17.Nf3 Ba6 18.Nd2 Qd7 19.Bf1 Qa4 20.Rec1 Qd7 21.f3 e6 22.Qc2 f5
23.Re1 Rbe8 24.Bd3 e5 25.Bf1 f4 26.Bf2 fxg3 27.hxg3 Bh6 28.Be3 Bxe3+ 29.Rxe3 Rf6
30.Kg2 Ref8 31.Bd3 h5 32.Rh1 Qg7 33.Qd1 Qh6 34.Qg1 R8f7 35.Kf2 g5 36.g4 h4
37.Rh3 Qf8 38.Qd1 Bc8 39.Kg1 Qe8 40.Bc2 Bd7 41.Re1 Rf4 42.Qe2 Qc8 43.Bd1 Qa6
44.Bb3 Nxb3 45.axb3 Qc8 46.Rh2 a5 47.Ra1 Kg7 48.Rg2 Qf8  1/2-1/2

[Event "Open Dutch Champ"]
[Site "Dieren NED"]
[Date "2004.07.30"]
[Round "4"]
[White "Van der Werf,M"]
[Black "Swinkels,R"]
[Result "1-0"]
[WhiteElo "2418"]
[BlackElo "2228"]

1.Nf3 Nf6 2.c4 g6 3.g3 Bg7 4.Bg2 O-O 5.O-O d5 6.cxd5 Nxd5 7.Nc3 Nxc3 8.bxc3 c5
9.Qa4 Qc7 10.d4 cxd4 11.cxd4 Bd7 12.Qa3 Nc6 13.Bf4 Qa5 14.Qb3 Nxd4 15.Nxd4 Bxd4
16.Rac1 Bc6 17.Bxc6 bxc6 18.Rxc6 Rac8 19.Rxc8 Rxc8 20.Qb7 Rf8 21.Bh6 Bg7
22.Bxg7 Kxg7 23.Qxe7 Qxa2 24.Qe5+ f6 25.Ra1 fxe5 26.Rxa2 Ra8 27.Ra6 Kf7 28.Kg2 Ke7
29.Kf3 Kd7 30.Ke4 Kc7 31.Kxe5 Kb7 32.Ra2 Kc6 33.e4 a5 34.Kf6 Kd7 35.Kf7 Kd6
36.f4 Ra7+ 37.Kf6 Kd7 38.Ra4 Ke8 39.Ke6 Ra6+ 40.Kd5 Kf7 41.Kc5 Ra8 42.Kb6 Rb8+
43.Kc5 Rc8+ 44.Kd6 Rd8+ 45.Kc6 Rd2 46.Rxa5 Rxh2 47.Kd5 Rd2+ 48.Ke5 Rd7 49.g4 Re7+
50.Kd4 Rd7+ 51.Rd5 Ra7 52.f5 gxf5 53.gxf5 h5 54.Ke5 h4 55.Rd3 Ra6 56.Rh3 Rh6
57.Kf4 Rh8 58.e5 Ke7 59.Ra3 Kd7 60.Kg4 Kc6 61.Rd3  1-0

[Event "1st It"]
[Site "Salto URU"]
[Date "2004.08.02"]
[Round "2"]
[White "Genta,A"]
[Black "Viera,E"]
[Result "1/2-1/2"]
[WhiteElo "2150"]
[BlackElo "2123"]

1.Nf3 Nf6 2.g3 g6 3.Bg2 Bg7 4.c4 O-O 5.d4 d6 6.O-O Nc6 7.Nc3 a6 8.Re1 Rb8
9.a3 b5 10.cxb5 axb5 11.b4 Bd7 12.Bb2 e5 13.dxe5 dxe5 14.Nd2 Nd4 15.e3 Ne6
16.Nb3 Ne8 17.Ne4 Qe7 18.Qd2 Nd6 19.Nxd6 cxd6 20.Red1 Rb6 21.Rac1 f5 22.f4 e4
23.Bf1 Ra8 24.Be2 Bxb2 25.Qxb2 Qg7 26.Qxg7+ Kxg7 27.Na5 Kf7 28.g4 Ke7 29.gxf5 gxf5
30.Rd5 Ng7 31.Kf2 Ne8 32.Rd2 Rc8 33.Rxc8 Bxc8 34.Rc2 Bd7 35.Rc3 Nf6 36.Rc7 Nd5
37.Ra7 Nc3 38.Nb3 Nxe2 39.Kxe2 Rb8 40.Nd4 Ke8 41.h4 Kd8 42.Kd2 Kc8 43.Ne2 Rb7
44.Ra6 Kc7 45.Nc3 Bc6 46.Ne2 Rb6 47.Ra5 Rb8 48.Nd4 Bd7  1/2-1/2

[Event "1st It"]
[Site "Salto URU"]
[Date "2004.08.03"]
[Round "4"]
[White "Genta,A"]
[Black "Belistri,U"]
[Result "1/2-1/2"]
[WhiteElo "2150"]
[BlackElo "2090"]

1.Nf3 Nf6 2.g3 g6 3.Bg2 Bg7 4.c4 O-O 5.d4 d6 6.O-O Nc6 7.Nc3 e5 8.h3 Bd7
9.Be3 Nh5 10.Qd2 Rb8 11.Rfd1 exd4 12.Nxd4 Ne5 13.b3 f5 14.Nd5 Nf7 15.Rac1 Re8
16.a4 g5 17.Nxf5 Bxf5 18.g4 Bg6 19.gxh5 Bxh5 20.Re1 c6 21.Nc3 a6 22.Ne4 h6
23.Rcd1 Re6 24.Ba7 Ra8 25.Bd4 Qf8 26.Qb2  1/2-1/2

[Event "Australian Masters"]
[Site "Melbourne AUS"]
[Date "2004.08.05"]
[Round "3"]
[White "Froehlich,P"]
[Black "Canfell,G"]
[Result "0-1"]
[WhiteElo "2388"]
[BlackElo "2325"]

1.Nf3 Nf6 2.c4 g6 3.g3 Bg7 4.Bg2 O-O 5.O-O d6 6.d4 Nbd7 7.Qc2 e5 8.Rd1 Re8
9.dxe5 dxe5 10.Nc3 c6 11.Ng5 Qe7 12.Nge4 Nc5 13.Bg5 Ne6 14.Bxf6 Bxf6 15.Nxf6+ Qxf6
16.Ne4 Qe7 17.e3 Ng5 18.Nxg5 Qxg5 19.Rd6 Be6 20.Rad1 Rad8 21.h4 Qe7 22.c5 Rxd6
23.cxd6 Qf6 24.b4 Rd8 25.a3 Bg4 26.Rd2 Rxd6 27.Rxd6 Qxd6 28.Qc3 h5 29.f3 Be6
30.Kf2 b6 31.Bf1 c5 32.bxc5 bxc5 33.Be2 Kf8 34.Qb2 Bd5 35.Qd2 Ke7 36.Qa5 Qb6
37.Qc3 Qc7 38.Ke1 Be6 39.Kf2 a5 40.Ke1 c4 41.Kd2 Qc5 42.Kc2 Qb5 43.g4 Qb3+
44.Kd2 Qxc3+ 45.Kxc3 g5 46.hxg5 h4 47.Bf1 e4 48.fxe4 Kf8 49.g6 f6 50.e5 fxe5
51.Bg2 Kg7 52.Be4 Kf6 53.g7 Kxg7 54.g5 h3 55.Kd2 Bg4 56.Ke1 c3 57.Kf2 h2
58.Kg2 Bf3+  0-1

[Event "ch-Arab"]
[Site "Dubai UAE"]
[Date "2004.08.09"]
[Round "7"]
[White "Taleb,M"]
[Black "Hakki,I"]
[Result "1-0"]
[WhiteElo "2464"]
[BlackElo "2451"]

1.Nf3 Nf6 2.c4 g6 3.g3 Bg7 4.Bg2 O-O 5.O-O d6 6.d4 Nc6 7.Nc3 Bf5 8.d5 Na5
9.Nd4 Bd7 10.Qd3 Ng4 11.Nf3 c6 12.Bd2 Qb6 13.b3 Rfc8 14.Rac1 Qa6 15.h3 Nf6
16.e4 cxd5 17.exd5 Nxc4 18.bxc4 Rxc4 19.Rfe1 Rac8 20.Bf1 b5 21.a4 bxa4 22.Qe3 Bf8
23.Bxc4 Rxc4 24.Qe2 Qc8 25.Nxa4 Bb5 26.Nc3 Ba6 27.Qe3 Bb7 28.Qxa7 Nxd5 29.Nxd5 Bxd5
30.Rxc4 Qxc4 31.Qb8 Qb3 32.Qxb3 Bxb3 33.Rb1 Bd5 34.Rb8 Kg7 35.Ng5 e6 36.Nxh7 Be7
37.Ng5  1-0

[Event "Open A"]
[Site "Riga LAT"]
[Date "2004.08.17"]
[Round "5"]
[White "Krivonosov,O"]
[Black "Shulman,V"]
[Result "1/2-1/2"]
[WhiteElo "2455"]
[BlackElo "2293"]

1.Nf3 Nf6 2.c4 g6 3.g3 Bg7 4.Bg2 O-O 5.O-O d6 6.d4 Nc6 7.Nc3 a6 8.Qd3 Bf5
9.e4 Bg4 10.d5 Nb4 11.Qe2 a5 12.h3 Bxf3 13.Bxf3 Nd7 14.Be3 c6 15.Bg2 Qc7
16.Rac1 Rac8 17.Rfd1 Na6 18.f4 Ndc5 19.Kh2 a4 20.Bd4 Bxd4 21.Rxd4 Qb6 22.Rd2 Nc7
23.e5 Rfe8 24.dxc6 bxc6 25.exd6 exd6 26.Qf3 N7e6 27.Rf1 Ng7 28.Rxd6 Qxb2
29.Rf2 Qc1 30.Rxc6 Rxc6 31.Qxc6 Qxc3 32.Qxc5 Nf5 33.Rf3 Qc2 34.Rf2 Qc3  1/2-1/2

[Event "ch-ESP Abierto"]
[Site "Seville ESP"]
[Date "2004.08.18"]
[Round "6"]
[White "Bernal Moro,L"]
[Black "Lopez del Alamo,An"]
[Result "1/2-1/2"]
[WhiteElo "2425"]
[BlackElo "2268"]

1.Nf3 Nf6 2.c4 g6 3.g3 Bg7 4.Bg2 O-O 5.O-O d6 6.d4 c6 7.Nc3 Qa5 8.e4 e5 9.h3 Nbd7
10.Re1 exd4 11.Nxd4 Ne5 12.Bf1 Be6 13.Nxe6  1/2-1/2

[Event "Knjaz Milos Jezero Open"]
[Site "Belgrade SCG"]
[Date "2004.08.23"]
[Round "7"]
[White "Zendilovska,K"]
[Black "Popovic,Ml"]
[Result "1/2-1/2"]
[WhiteElo "2144"]
[BlackElo "2192"]

1.Nf3 Nf6 2.c4 g6 3.g3 Bg7 4.Bg2 O-O 5.O-O d6 6.d4 c6 7.Nc3 Qa5 8.h3 Qa6
9.b3 c5 10.dxc5 dxc5 11.Be3 Qa5 12.Bd2 Nc6 13.Nd5 Qd8 14.Bc3 Nxd5 15.Bxg7 Ne3
16.Qxd8 Rxd8 17.fxe3 Kxg7 18.Ng5 f5 19.Bxc6 bxc6 20.Rad1 Re8 21.Rd2 h6 22.Nf3 e5
23.Rd6 e4 24.Nh4 Re6 25.Rfd1 Kf6 26.g4 fxg4 27.hxg4 Kg5 28.Rxe6 Bxe6 29.Rd6 Kxh4
30.Rxe6 Kg3 31.Kf1 Rf8+ 32.Ke1 Rg8 33.Rxe4 h5 34.gxh5 gxh5 35.Rf4 h4 36.Rf3+ Kg2
37.Rf2+ Kg1 38.Rf1+  1/2-1/2

[Event "I Fincas Mediterranea"]
[Site "Castelldefels ESP"]
[Date "2004.08.26"]
[Round "9"]
[White "Gonzales,Jay"]
[Black "Jerez Perez,A"]
[Result "1/2-1/2"]
[WhiteElo "2403"]
[BlackElo "2416"]

1.Nf3 Nf6 2.c4 g6 3.g3 Bg7 4.Bg2 O-O 5.Nc3 d5 6.cxd5 Nxd5 7.O-O c5 8.d4 cxd4
9.Nxd4 Nxc3 10.bxc3 Qc7  1/2-1/2

[Event "WGM"]
[Site "Krk CRO"]
[Date "2004.08.27"]
[Round "2"]
[White "Franciskovic,B"]
[Black "Repkova,E"]
[Result "1-0"]
[WhiteElo "2121"]
[BlackElo "2411"]

1.Nf3 Nf6 2.c4 g6 3.g3 Bg7 4.Bg2 O-O 5.O-O Re8 6.Nc3 e5 7.d3 c6 8.Bg5 h6
9.Bxf6 Qxf6 10.Rb1 Qe7 11.b4 Na6 12.Qb3 d6 13.Nd2 Bd7 14.b5 Nc5 15.Qa3 f5
16.Nb3 e4 17.Nxc5 dxc5 18.bxc6 Bxc6 19.Nd5 Bxd5 20.cxd5 b6 21.Qb3 Kh7 22.dxe4 fxe4
23.e3 Qd7 24.Qc4 Qf5 25.Rfd1 Rad8 26.Rd2 Rd6 27.Rbd1 h5 28.Qb3 h4 29.Qc4 Bf8
30.Qb3 Re5 31.Qc4 Kh6 32.a4 Be7 33.Qa2 Bf6 34.Qc4 Re7 35.Rb1 Qe5 36.Rc1 Bg5
37.Rcd1 Qf5 38.Rc2 Qg4 39.Rcd2 Qf5 40.Rc2 h3 41.Bf1 Red7 42.Rcd2 Bf6 43.Qb3 g5
44.Qc4 g4 45.Qb3 Qf3 46.Qc4 Be5 47.Qe2 Qf5 48.Qc4 Rf6 49.Rc2 Kg5 50.Ra2 Rdf7
51.Rc2 Bd6 52.Ra2 Qe5 53.a5 bxa5 54.Rdd2 Qf5 55.Qe2 Bc7 56.Rac2 Bb6 57.Rc4 Rd6
58.Qd1 Kh6 59.Ra4 Rxd5 60.Raa2 Rfd7 61.Rxd5 Rxd5 62.Rd2 Rxd2 63.Qxd2 Qe6
64.Qc3 Kg6 65.Qh8 Bc7 66.Bb5 Qf6 67.Be8+ Kf5 68.Qh7+ Ke6 69.Qd7+ Ke5 70.Qxc7+ Qd6
71.Qxd6+ Kxd6 72.Bb5 c4 73.Bxc4 Kc5 74.Be6 a4 75.Bxg4 a3 76.Be6 a5 77.g4 a4
78.g5 Kd6 79.Ba2 Ke5 80.f4+ exf3 81.Kf2 Kf5 82.Kxf3 Kxg5 83.e4 Kf6 84.Kf4 Ke7
85.Ke5 Kd7 86.Kf6 Ke8 87.e5  1-0

[Event "Open"]
[Site "Kostrena CRO"]
[Date "2004.08.28"]
[Round "3"]
[White "Pahor,A"]
[Black "Hirneise,T"]
[Result "1/2-1/2"]
[WhiteElo "2063"]
[BlackElo "1977"]

1.c4 Nf6 2.Nf3 g6 3.g3 Bg7 4.Bg2 O-O 5.O-O d6 6.Nc3 e5 7.d3 Nc6 8.Rb1 a5
9.a3 h6 10.b4 axb4 11.axb4 Be6 12.b5 Ne7 13.Bb2 Qd7 14.Re1 Bh3 15.Bh1 Ng4
16.d4 Qf5 17.e4 Qh5 18.dxe5 dxe5 19.Qe2 f5 20.exf5 Rxf5 21.Nd1 Raf8 22.Ba3 Bf1
23.Rxf1 Rxf3 24.h4 Rxa3 25.Bxb7 Nf6 26.Qe1 Ra7 27.Bg2 Rd8 28.Qe3 Ra2 29.Nb2 e4
30.Qb3 Raa8 31.Rfe1 Kh7 32.Qe3 Qf5 33.Re2 Rab8 34.Nd1 Rd3 35.Qa7 Rbd8 36.Ne3 Qd7
37.c5 Ned5 38.c6 Qc8 39.Nxd5 R3xd5 40.b6 cxb6 41.Qxb6 Rd1+ 42.Re1 Rxe1+ 43.Rxe1 Rd6
44.Rc1 Ng4 45.Bxe4 Qf8 46.Rc2 Rd1+ 47.Kg2 Qe7 48.Re2 Qd6 49.Qb7 Rc1 50.Qb3 Ne5
51.Qe3 Qd1  1/2-1/2

[Event "4th Botvinnik Mem B"]
[Site "Satka RUS"]
[Date "2004.08.28"]
[Round "2"]
[White "Khropov,B"]
[Black "Liberzon,R"]
[Result "1-0"]
[WhiteElo "2286"]
[BlackElo "2233"]

1.c4 Nf6 2.g3 g6 3.Bg2 Bg7 4.Nf3 O-O 5.O-O d6 6.Nc3 e5 7.d3 Nc6 8.Rb1 Bf5
9.b4 Qd7 10.b5 Nd8 11.Re1 e4 12.Nh4 exd3 13.exd3 Bh3 14.Bh1 Ng4 15.Nd5 Ne6
16.Bb2 Nd4 17.Re4 c5 18.bxc6 bxc6 19.Ne7+ Kh8 20.Bxd4 Bxd4 21.Rxd4 Qxe7 22.Rxg4 Bxg4
23.Qxg4 Rab8 24.Rf1 c5 25.Bd5 Rb2 26.Nf3 Rxa2 27.Qf4 Rb8 28.Re1  1-0

[Event "35th Atlantic Open"]
[Site "Washington DC USA"]
[Date "2004.08.29"]
[Round "5"]
[White "Greanias,S"]
[Black "Thaler,Mi"]
[Result "0-1"]
[WhiteElo "2218"]
[BlackElo "2062"]

1.c4 Nf6 2.Nf3 g6 3.g3 Bg7 4.Bg2 O-O 5.O-O d6 6.d4 Nbd7 7.Nc3 e5 8.e4 exd4
9.Nxd4 a5 10.h3 Nc5 11.Be3 h6 12.Qd2 Kh7 13.Rad1 Qe7 14.Qc2 Re8 15.Rfe1 Be6
16.e5 dxe5 17.Nxe6 Nxe6 18.Bxb7 Rad8 19.Nd5 Nxd5 20.cxd5 Ng5 21.Bxg5 hxg5
22.Re4 Qd6 23.Rc4 Re7 24.Rc6 Qd7 25.Qc5 Rb8 26.Qa7 Qd8 27.Qa6 Qd7 28.g4 e4
29.Rc2 Qd6 30.Qxd6 cxd6 31.Bc6 Rxb2 32.Rxb2 Bxb2 33.Kf1 f5 34.Rb1 Bd4 35.Rb7 Rxb7
36.Bxb7 f4 37.Bc6 Kg7 38.Ke2 f3+ 39.Kf1 Kf6 40.a4 Ke5 41.Kg1 Kf4 42.Be8 Bxf2+
43.Kxf2 e3+ 44.Ke1 Kg3 45.Bxg6 f2+ 46.Kf1 e2+ 47.Kxe2 Kg2  0-1